000 00419nam a2200145 i 4500
001 bg
100 1 _aREGULSKI, Stefan
245 0 _aDane techniczno-eksploatacyjne maszyn i ciągników rolniczych /
_cStefan Regulski.
250 _aWyd.4 popr. i rozsz.
260 _aWarszawa :
_bPaństw. Wydaw. Rolnicze i Leśne,
_c1985.
040 _cBPK
041 _apol
942 _cKS
008 s pl f |000 0 pol
999 _c2717
_d2717
856 _uhttp://koha.tu.koszalin.pl/cgi-bin/koha/opac-detail.pl?biblionumber=2717
_yKatalog online BPK